1650 1787 1743 1406 1362 1561 1823 1544 1849 1087 1555 1062 1902 1861 1709 1965 1575 1303 1271 1004 1918 1817 1043 1016 1484 1382 1498 1945 1845 1929 1565 1912 1644 1457 1925 1550 1027 1582 1727 1964 1702 1249 1790 1600 1999 1187 1421 1704 1314 1981 1623 1081 1897 1723 1261 1834 1031 1163 1277 1456 1291 1840 1743 1778 1704 1297 1289 1978 1042 1809 1386 1267 1725 1240 1193 1277 1339 1197 1660 1138 1734 1692 1814 1208 1370 1159 1659 1174 1857 1386 1109 1534 1781 1530 1706 1805 1104 1462 1166 BCNSPRNW ULIB Ver.6.0+V

เปลี่ยนเป็นภาษาไทย

Change to English
 แสดงรายละเอียดบรรณานุกรม
  กลับหน้าหลัก

Brief Record : Get Marc (ISO 2709) : E-mail record : QR code < ปิดหน้าต่าง
LEADER : 00000nam 2200000uu 4500
001    13399121756
003     ULIB
008    121204s2549||||th 000 0 tha d
020    ^a9746721372
060 04 ^aWR598^bว522ก
245 00 ^aการดูแลผู้ป่วยที่มีแผลกดทับ =^bCare of patients withpressure ulcers /^cบรรณาธิการ, วิจิตร ศรีสุพรรณ ... [และคนอื่นๆ]
246 31 ^aCare of patients with pressure ulcers
250    ^aพิมพ์ครั้งที่ 3
260    ^aเชียงใหม่ :^bโครงการตำรา คณะพยาบาลศาสตร์มหาวิทยาลัยเชียงใหม่,^c2549
300    ^aก-ฎ, 95 หน้า :^bภาพประกอบ ;^c22 ซม.
650  7 ^aแผลกดทับ^xการพยาบาล
650  7 ^aแผลกดทับ^xการรักษา
650  7 ^aผู้ป่วย^xการดูแล
700 0  ^aวิจิตร ศรีสุพรรณ,^eบรรณาธิการ
710 2  ^aมหาวิทยาลัยเชียงใหม่. ^bคณะพยาบาลศาสตร์
945    ^p150^l0^i24848
945    ^p150^l0^i14318
945    ^p150^l0^i15001
995    ^aทศพร
999    ^aทศพร เกษรทอง
รายการนี้ยังไม่มีแท็ก
คุณยังไม่ได้ล็อกอิน คุณสามารถมีกิจกรรมร่วมกับเว็บไซต์ได้ แต่ต้องล็อกอินก่อน ::
  ล็อกอิน

รายการสื่อสารสนเทศ

ลำดับที่ ประเภท เลขเรียก/บาร์โค้ด สถานที่ สถานะ
1. วิทยาศาสตร์การแพทย์ และสุขภาพ
วิทยาศาสตร์การแพทย์ และสุขภาพ
WR598 ว522ก ฉ.1 
  Barcode: 24848
ห้องสมุดวิทยาเขตสวรรค์ประชารักษ์
►หนังสือทั่วไป
บนชั้น
2. วิทยาศาสตร์การแพทย์ และสุขภาพ
วิทยาศาสตร์การแพทย์ และสุขภาพ
WR598 ว522ก ฉ.2 
  Barcode: 14318
ห้องสมุดวิทยาเขตสวรรค์ประชารักษ์
►หนังสือทั่วไป
บนชั้น
3. วิทยาศาสตร์การแพทย์ และสุขภาพ
วิทยาศาสตร์การแพทย์ และสุขภาพ
WR598 ว522ก ฉ.3 
  Barcode: 15001
ห้องสมุดวิทยาเขตสวรรค์ประชารักษ์
►หนังสือทั่วไป
บนชั้น

รายการใกล้เคียง
    หัวเรื่อง [ผู้ป่วย การดูแล]

BibComment


ยังไม่เคยถูกคอมเมนท์

คอมเมนท์ทรัพยากรรายการนี้
  คอมเมนท์: การดูแลผู้ป่วยที..


 Copyright 2026. Bcnsprnw @Library